|
|
|
|
| LEADER |
00000aam a2200000 a 4500 |
| 001 |
115756 |
| 003 |
CZ-ZlUTB |
| 005 |
20260603082627.0 |
| 007 |
tu |
| 008 |
910718s1991 xr a 0|0 | cze |
| 015 |
|
|
|a cnb000061924
|
| 020 |
|
|
|a 80-04-25735-6
|q (váz.)
|
| 035 |
|
|
|a (OCoLC)39423097
|
| 040 |
|
|
|a ABA001
|b cze
|d ABA001
|d ZLD002
|
| 080 |
|
|
|a 801.32
|2 undef
|
| 080 |
|
|
|a 801.323.2=20=850
|2 undef
|
| 100 |
1 |
|
|a Caha, Jan,
|d 1910-1981
|7 jk01020521
|4 com
|
| 245 |
1 |
0 |
|a Anglicko-český slovník =
|b English-czech dictionary /
|c sestavili Jan Caha a Jiří Krámský
|
| 246 |
3 |
1 |
|a English-Czech Dictionary
|
| 250 |
|
|
|a 7. vyd.
|
| 260 |
|
|
|a Praha :
|b SPN,
|c 1991
|e (Brno :
|f Tisk 1)
|
| 300 |
|
|
|a 877 s. :
|b tb. ;
|c 17 cm
|
| 490 |
1 |
|
|a Střední slovníky jednostranné
|
| 500 |
|
|
|a Protititulní list angl.
|
| 500 |
|
|
|a Zkratky
|
| 500 |
|
|
|a Řec. abeceda
|
| 500 |
|
|
|a Angl. a amer. měna
|
| 500 |
|
|
|a Angl. míry a váhy
|
| 500 |
|
|
|a Klíč k přepisu výslovnosti
|
| 500 |
|
|
|a Pozn. o amer. pravopise
|
| 504 |
|
|
|a Přehled literatury
|
| 700 |
1 |
|
|a Krámský, Jiří,
|d 1913-1991
|7 jk01062882
|4 com
|
| 830 |
|
0 |
|a Střední slovníky jednostranné (Státní pedagogické nakladatelství)
|
| 901 |
|
|
|o 19981103
|
| 910 |
|
|
|a ZLD002
|
| 942 |
|
|
|2 udc
|
| 952 |
|
|
|0 0
|1 0
|4 0
|6 80132AČ
|7 0
|8 BOOK
|9 191423
|a UTBZL
|b UTBZL
|c 030
|d 2026-06-03
|l 0
|o 801.32/A-Č
|p 420010024242
|r 2026-06-03 08:27:31
|v 150.00
|w 2026-06-03
|x N:nákup
|y 05
|
| 992 |
|
|
|b SKNEW
|
| 999 |
|
|
|c 115756
|d 115756
|